Protocolo para la caracterización de insectos de dosel (Registro nro. 4600)

Detalles MARC
000 -CABECERA
Campo de control 00719nam a2200217 a 4500
005 - FECHA Y HORA DE LA ULTIMA TRANSACCION
Campo de control 20141201153429.0
008 - ELEMENTOS DE LONGITUD FIJA—INFORMACION GENERAL
Campo de control 140123b2005 ck ||||| |||| 00| 0 spa d
040 ## - FUENTE DE CATALOGACIÓN
Agencia catalogadora original CO-BoIH
Agencia transcriptora CO-BoIH
041 ## - IDIOMA
Código de idioma para texto/pista de sonido o título separado Español
044 ## - PAÍS DE PUBLICACIÓN
País de publicación Colombia
090 ## - CLASIFICACIÓN LOCAL
Colección IAVH
Consecutivo 00356
100 1# - ASIENTO PRINCIPAL--NOMBRE PERSONAL
Nombre personal Pimienta, María Cleopatra
245 10 - MENCION DE TITULO
Título Protocolo para la caracterización de insectos de dosel
260 ## - PUBLICACION, DISTRIBUCION, ETC. (PIE DE IMPRENTA)
Lugar de publicación, distribución, etc. Bogotá :
Nombre del editor, distribuidor, etc. Instituto Alexander von Humboldt,
Fecha de publicación, distribución, etc. 2005.
300 ## - DESCRIPCION FISICA
Extensión 30 p.
Dimensiones 28 cm.
500 ## - NOTA GENERAL
Nota general Vol. 2: Segundo informe<br/>Contrato No. 173/04
650 #6 - ASIENTO SECUNDARIO DE MATERIA - TERMINO TEMATICO
Término temático o nombre geográfico como elemento de entrada Insectos
Subdivisión general caracterización
Subdivisión geográfica Rio Barbas (Filandia)
650 #6 - ASIENTO SECUNDARIO DE MATERIA - TERMINO TEMATICO
Término temático o nombre geográfico como elemento de entrada Insectos
Subdivisión general caracterización
Subdivisión geográfica Reserva Bremen (Filandia)
942 ## - ELEMENTOS ADICIONALES (KOHA)
Tipo de ítem Informe Técnico
Sistema de clasificación Local
945 ## - PROCESAMIENTO LOCAL
AAAA-MM-DD - Fecha de ingreso o modificacion 2005-06-23
Existencias
Withdrawn status Lost status Sistema de Clasificación Damaged status No para préstamo Colección Ubicación Permanente Ubicación actual Fecha de adquisición Total Checkouts Número topográfico Inventario / Código de Barras Date last seen Ejemplar Price effective from Forma de adquisición Tipo de material Inventariado
    Local     Audiovisual Villa de Leyva Villa de Leyva 23/06/2005   IAVH-00356 028314 04/12/2012 Ej. 2 04/12/2012   CD-ROM  
    Local     Humboldt Villa de Leyva Villa de Leyva 19/07/2005   IAVH-00356 019438 09/08/2024 Ej. 1 04/12/2012   Informe Técnico Inventariado 2017